[Event "Senior DM 2017 - 65+"]
[Site "Logumkloster"]
[Date "2017.02.16"]
[Round "5"]
[White "Baagoe, Hans Chr"]
[Black "Andersson, Finn"]
[Result "1-0"]
[WhiteElo "1566"]
[BlackElo "1780"]
[PlyCount "105"]
[EventDate "2017.02.??"]
[EventType "swiss"]
[EventRounds "7"]
[EventCountry "DEN"]

1. d4 e6 2. c4 Nf6 3. Nc3 c5 4. Nf3 d5 5. cxd5 Nxd5 6. e3 Nc6 7. Bb5 Bd7 8.
Nxd5 exd5 9. O-O cxd4 10. Bxc6 bxc6 11. Qxd4 f6 12. a3 Qc7 13. b4 Rb8 14. Bb2
Be7 15. Rac1 O-O 16. Qxd5+ Kh8 17. Nd4 Bd6 18. Nxc6 Bxh2+ 19. Kh1 Qb7 20. Ne7
Qxd5 21. Nxd5 Bd6 22. Rfd1 Ba4 23. Rd2 Rbd8 24. Nf4 Rfe8 25. Nh5 Kg8 26. Bxf6
gxf6 27. Nxf6+ Kf7 28. Nxe8 Kxe8 29. Rd4 Ke7 30. Rh4 Rh8 31. Rcc4 Bb3 32. Rce4+
Kf7 33. Rd4 Be7 34. Rdf4+ Ke6 35. Rh6+ Kd7 36. Ra6 Ra8 37. b5 Bc5 38. a4 Rg8
39. g3 Rg7 40. Rf5 Bb6 41. a5 Be6 42. axb6 axb6 43. Ra7+ Kd6 44. Rxg7 Bxf5 45.
f3 Bg6 46. Kg1 Kc5 47. Kf2 Kxb5 48. Ke2 Kb4 49. Kd2 b5 50. Kc1 Kb3 51. e4 b4
52. Kb1 Kc3 53. Rxg6 1-0

[Event "Senior DM 2017 - 65+"]
[Site "Logumkloster"]
[Date "2017.02.16"]
[Round "5"]
[White "Palm, Eivind"]
[Black "Jensen, Ole Yde"]
[Result "1-0"]
[WhiteElo "1848"]
[BlackElo "1619"]
[PlyCount "79"]
[EventDate "2017.02.??"]
[EventType "swiss"]
[EventRounds "7"]
[EventCountry "DEN"]

1. Nf3 d5 2. d4 Bf5 3. g3 Nf6 4. Bg2 e6 5. O-O h6 6. c4 c6 7. Qb3 Qb6 8. Qxb6
axb6 9. cxd5 exd5 10. Nc3 Bd6 11. Nh4 Bh7 12. a3 O-O 13. Bd2 Nbd7 14. Rfe1 Rfe8
15. f3 g5 16. e4 Bc7 17. Nf5 Bxf5 18. exf5 Rxe1+ 19. Rxe1 Re8 20. Rxe8+ Nxe8
21. g4 f6 22. h4 Nd6 23. b3 b5 24. Ne2 Nf7 25. h5 Nd6 26. f4 Kf7 27. Kf2 Bb6
28. Ke3 Ne8 29. Kd3 Nc7 30. Nc3 Na6 31. Nxd5 cxd5 32. Bxd5+ Ke7 33. Bxb7 Nc7
34. Bc6 Kd6 35. Bxd7 Kxd7 36. fxg5 fxg5 37. Bxg5 hxg5 38. h6 Nd5 39. h7 Nf4+
40. Ke4 1-0

[Event "Senior DM 2017 - 65+"]
[Site "Logumkloster"]
[Date "2017.02.16"]
[Round "5"]
[White "Larsen, Torben"]
[Black "Bjerre, Per"]
[Result "0-1"]
[WhiteElo "1658"]
[BlackElo "1628"]
[PlyCount "50"]
[EventDate "2017.02.??"]
[EventType "swiss"]
[EventRounds "7"]
[EventCountry "DEN"]

1. d4 Nf6 2. c4 e5 3. dxe5 Ng4 4. Nf3 Bc5 5. e3 Nc6 6. Be2 Ngxe5 7. Nxe5 Nxe5
8. O-O O-O 9. Nc3 a5 10. Kh1 Re8 11. b3 Ra6 12. Ne4 Ba7 13. Ng3 c5 14. Bb2 Bb8
15. Qc2 d5 16. cxd5 Rh6 17. Nf5 Bxf5 18. Qxf5 Qh4 19. h3 Qd8 20. Rad1 g6 21.
Qc2 Qc8 22. e4 Rxh3+ 23. gxh3 Qxh3+ 24. Kg1 Nf3+ 25. Bxf3 Qh2# 0-1

[Event "Senior DM 2017 - 65+"]
[Site "Logumkloster"]
[Date "2017.02.16"]
[Round "5"]
[White "Madsen, Nis H"]
[Black "Kristensen, Karl Martin"]
[Result "1/2-1/2"]
[WhiteElo "1580"]
[BlackElo "1557"]
[PlyCount "80"]
[EventDate "2017.02.??"]
[EventType "swiss"]
[EventRounds "7"]
[EventCountry "DEN"]

1. e4 e5 2. Bc4 Bc5 3. Nf3 Nf6 4. d3 d6 5. h3 O-O 6. Bg5 a6 7. a3 Nc6 8. Nc3 b5
9. Ba2 h6 10. Bh4 g5 11. Bg3 Be6 12. Bxe6 fxe6 13. O-O Qe8 14. Ne2 Kh7 15. c3
Nh5 16. d4 exd4 17. cxd4 Bb6 18. d5 exd5 19. exd5 Ne7 20. Qd3+ Nf5 21. Bh2 Qg6
22. g4 Nf4 23. Nxf4 gxf4 24. Kh1 Nd4 25. Qxg6+ Kxg6 26. Nxd4 Bxd4 27. Rab1 Rae8
28. f3 Re5 29. Rfe1 Bf2 30. Rxe5 dxe5 31. Rc1 Rd8 32. Rd1 Kf6 33. Bg1 Bxg1 34.
Kxg1 Ke7 35. Rc1 Kd6 36. h4 Rd7 37. Rc6+ Kxd5 38. Rxa6 Rd6 39. Rxd6+ cxd6 40.
h5 Ke6 1/2-1/2

[Event "Senior DM 2017 - 65+"]
[Site "Logumkloster"]
[Date "2017.02.16"]
[Round "5"]
[White "Jensen, Jens Peter"]
[Black "Christiansen, Niels Jorgen"]
[Result "1-0"]
[WhiteElo "1518"]
[BlackElo "1645"]
[PlyCount "123"]
[EventDate "2017.02.??"]
[EventType "swiss"]
[EventRounds "7"]
[EventCountry "DEN"]

1. e4 d5 2. exd5 Qxd5 3. Nc3 Qa5 4. d3 Nf6 5. Bd2 c6 6. Be2 Qc7 7. h3 Nbd7 8.
Nf3 e6 9. O-O Bd6 10. Bg5 Ne5 11. Qd2 Nxf3+ 12. Bxf3 Bd7 13. Ne2 h6 14. Bf4 e5
15. Bh2 O-O-O 16. Nc3 Rhe8 17. Ne4 Nxe4 18. dxe4 Bc5 19. Qc3 Bd4 20. Qa3 Bb6
21. c4 Bd4 22. Rab1 c5 23. Qxa7 Bc6 24. Bg4+ Bd7 25. Bxd7+ Kxd7 26. Qa4+ Ke7
27. Qc2 Kf8 28. Kh1 Ra8 29. a3 Ra6 30. f4 Rb6 31. b4 Ra6 32. Rf3 Rea8 33. fxe5
Bxe5 34. Bxe5 Qxe5 35. Rf5 Qd4 36. Rd5 Qe3 37. Rd3 Qg5 38. Rd5 Qe3 39. Rbd1
Rxa3 40. Rd8+ Rxd8 41. Rxd8+ Ke7 42. Qd1 Ra1 43. Qxa1 Kxd8 44. Qa5+ Ke8 45.
Qa8+ Ke7 46. Qxb7+ Kf6 47. Qc6+ Ke7 48. Qxc5+ Qxc5 49. bxc5 Kd7 50. Kh2 f6 51.
Kg3 Kc6 52. Kf4 g6 53. e5 g5+ 54. Kf5 fxe5 55. Kxe5 Kxc5 56. Kf5 g4 57. hxg4
Kxc4 58. Kg6 Kd5 59. Kxh6 Kd6 60. Kg7 Ke7 61. g5 Ke8 62. g6 1-0

[Event "Senior DM 2017 - 65+"]
[Site "Logumkloster"]
[Date "2017.02.16"]
[Round "5"]
[White "Larsen, Alex"]
[Black "Hansen, Uwe"]
[Result "1/2-1/2"]
[WhiteElo "1459"]
[BlackElo "1412"]
[PlyCount "102"]
[EventDate "2017.02.??"]
[EventType "swiss"]
[EventRounds "7"]
[EventCountry "DEN"]

1. e4 e5 2. f4 Nc6 3. Nf3 d6 4. Bc4 Bg4 5. Bxf7+ Ke7 6. c3 Nh6 7. Qb3 Nxf7 8.
O-O Qd7 9. fxe5 Nfxe5 10. Nxe5 Nxe5 11. d4 Be6 12. Bg5+ Ke8 13. Qxb7 Qc6 14.
Qxc6+ Nxc6 15. d5 Bd7 16. dxc6 Bxc6 17. Nd2 h6 18. Bh4 g5 19. Bf2 Bg7 20. Rae1
a6 21. Bd4 Rg8 22. Bxg7 Rxg7 23. Rf6 h5 24. Ref1 Ke7 25. b3 Bd7 26. c4 Rh8 27.
e5 Rhh7 28. exd6+ cxd6 29. a4 Rf7 30. Rxf7+ Rxf7 31. Rxf7+ Kxf7 32. Ne4 Ke7 33.
Nxg5 Kf6 34. Ne4+ Ke5 35. Nd2 Kd4 36. Kf2 Kd3 37. Ke1 Kc3 38. Ne4+ Kxb3 39.
Nxd6 Kb4 40. Kd2 Kc5 41. Nf7 Bxa4 42. Kc3 Bc6 43. g3 a5 44. Ne5 Be8 45. Nd3+
Kc6 46. Kb3 Kd6 47. h3 Bd7 48. g4 hxg4 49. hxg4 Bxg4 50. Ka4 Kc7 51. Kxa5 Be2
1/2-1/2

[Event "Senior DM 2017 - 65+"]
[Site "Logumkloster"]
[Date "2017.02.16"]
[Round "5"]
[White "Larsen, Arne Walther"]
[Black "Stald, Flemming"]
[Result "0-1"]
[WhiteElo "1759"]
[BlackElo "1945"]
[PlyCount "100"]
[EventDate "2017.02.??"]
[EventType "swiss"]
[EventRounds "7"]
[EventCountry "DEN"]
[WhiteClock "0:22:17"]
[BlackClock "0:25:00"]

1. c4 c5 2. g3 Nc6 3. Nc3 e6 4. Bg2 Nf6 5. e4 d6 6. Nge2 e5 7. O-O h5 8. d3 h4
9. Bg5 hxg3 10. Nxg3 Be6 11. f4 Be7 12. Nd5 Bxd5 13. cxd5 Nd4 14. fxe5 dxe5 15.
Nf5 Rh7 16. Bxf6 Bxf6 17. Nxd4 exd4 18. Qa4+ Kf8 19. Rf5 Qd6 20. h3 Be5 21.
Raf1 f6 22. Qd1 Ke7 23. Rh5 Rah8 24. Rxh7 Rxh7 25. Qg4 Kf7 26. Rf3 Rh6 27. Kf1
Rg6 28. Qf5 Rh6 29. Qg4 g6 30. h4 Qc7 31. Rh3 c4 32. dxc4 Qxc4+ 33. Qe2 Qc1+
34. Qe1 Qxb2 35. Rb3 Qxa2 36. Rxb7+ Ke8 37. Qc1 Qa6+ 38. Kg1 Qxb7 39. Qxh6 Qf7
40. Qh8+ Qf8 41. Qh7 Qc5 42. Qg8+ Ke7 43. Qe6+ Kd8 44. Bh3 d3+ 45. Kg2 Qc2+ 46.
Kg1 Bd4+ 47. Kh1 Qd1+ 48. Kg2 Qe2+ 49. Kh1 Qe1+ 50. Kg2 Qf2+ 0-1

[Event "Senior DM 2017 - 65+"]
[Site "Logumkloster"]
[Date "2017.02.16"]
[Round "5"]
[White "Hardlei, Kim"]
[Black "Moestrup, Jorn"]
[Result "0-1"]
[WhiteElo "1811"]
[BlackElo "2037"]
[PlyCount "84"]
[EventDate "2017.02.??"]
[EventType "swiss"]
[EventRounds "7"]
[EventCountry "DEN"]
[WhiteClock "0:08:34"]
[BlackClock "0:07:13"]

1. e4 c5 2. Nc3 d6 3. Nf3 Nf6 4. Bb5+ Bd7 5. Bxd7+ Qxd7 6. d4 cxd4 7. Nxd4 g6
8. O-O Bg7 9. Bg5 Nc6 10. Nde2 O-O 11. Qd2 b5 12. a3 a5 13. Rab1 Rab8 14. Ng3
Rfc8 15. Rfe1 Ne5 16. Re2 Nc4 17. Qc1 Nxa3 18. Ra1 Nc4 19. Ra2 Ng4 20. Nd5 f6
21. h3 Nge5 22. Bh6 a4 23. Bxg7 Kxg7 24. f4 Nc6 25. f5 g5 26. Qd1 Qe8 27. Rf2
Qf7 28. Qg4 N4e5 29. Qd1 Rb7 30. b3 axb3 31. cxb3 Qe8 32. Ra6 Nb8 33. Nh5+ Kh8
34. Ndxf6 Qd8 35. Nxh7 Nxa6 36. Nxg5 Rbc7 37. Qd5 Qg8 38. Ne6 Rc1+ 39. Kh2 R1c2
40. Qd4 Kh7 41. Rxc2 Rxc2 42. Nhf4 Nf3+ 0-1

[Event "Senior DM 2017 - 65+"]
[Site "Logumkloster"]
[Date "2017.02.16"]
[Round "5"]
[White "Hartung Nielsen, Jens"]
[Black "Larsen, Finn"]
[Result "1-0"]
[WhiteElo "2174"]
[BlackElo "1698"]
[PlyCount "79"]
[EventDate "2017.02.??"]
[EventType "swiss"]
[EventRounds "7"]
[EventCountry "DEN"]
[WhiteClock "0:11:47"]
[BlackClock "0:23:43"]

1. d4 f5 2. g3 Nf6 3. Bg2 e6 4. Nf3 Be7 5. O-O O-O 6. c4 d5 7. b3 c6 8. Ba3 Ne4
9. Bxe7 Qxe7 10. Qc2 Bd7 11. Nc3 Be8 12. Ne5 Nd7 13. Nd3 Nxc3 14. Qxc3 Bf7 15.
c5 Rfe8 16. f4 a5 17. Rfb1 Ra7 18. b4 axb4 19. Rxb4 Rea8 20. Qb2 Nf6 21. a4 Qc7
22. Ne5 Be8 23. Qb3 Nd7 24. Nd3 Nf6 25. Rb1 Rb8 26. Rb6 Bd7 27. Ne5 Be8 28. Bf3
h5 29. Qb4 Ng4 30. Bxg4 hxg4 31. a5 Rba8 32. Kf2 Kf8 33. Ra1 Ke7 34. Rh1 Kf6
35. h3 gxh3 36. Rxh3 Bg6 37. Rh1 Re8 38. Rb1 Re7 39. Qe1 Be8 40. Qh1 1-0

[Event "Senior DM 2017 - 65+"]
[Site "Logumkloster"]
[Date "2017.02.16"]
[Round "5"]
[White "Nielsen, Aage Sondergaard"]
[Black "Sorensen, Bent"]
[Result "0-1"]
[WhiteElo "1935"]
[BlackElo "2255"]
[PlyCount "98"]
[EventDate "2017.02.??"]
[EventType "swiss"]
[EventRounds "7"]
[EventCountry "DEN"]
[WhiteClock "0:33:18"]
[BlackClock "0:25:35"]

1. d4 d5 2. c4 e6 3. Nf3 c6 4. e3 Nf6 5. Nc3 Nbd7 6. Qc2 Bd6 7. Bd3 dxc4 8.
Bxc4 O-O 9. O-O e5 10. Bd3 Qc7 11. h3 Re8 12. Ng5 h6 13. Nge4 exd4 14. exd4
Bh2+ 15. Kh1 Bf4 16. Ne2 Bxc1 17. Raxc1 Nxe4 18. Bxe4 Nf6 19. Bf3 Be6 20. Rfd1
Rad8 21. Rd2 Qa5 22. a3 Qg5 23. Ng3 Qf4 24. Ne2 Qh4 25. Kg1 Bd5 26. Qd3 Be4 27.
Qb3 Rd5 28. Rc5 Qg5 29. Rxd5 Qxd2 30. Re5 Bxf3 31. gxf3 Rxe5 32. dxe5 Qe1+ 33.
Kg2 Nd5 34. Qc4 Qd2 35. f4 Qxe2 36. Qxe2 Nxf4+ 37. Kf1 Nxe2 38. Kxe2 Kf8 39.
Ke3 Ke7 40. Ke4 Ke6 41. h4 g6 42. a4 f6 43. exf6 Kxf6 44. a5 Ke6 45. f3 c5 46.
b3 b6 47. a6 b5 48. f4 Kd6 49. h5 gxh5 0-1

[Event "Senior DM 2017 - 65+"]
[Site "Logumkloster"]
[Date "2017.02.16"]
[Round "5"]
[White "Rendlev, Niels Moller"]
[Black "Grabow, Pouelsten Holm"]
[Result "0-1"]
[WhiteElo "1800"]
[BlackElo "2123"]
[PlyCount "72"]
[EventDate "2017.02.??"]
[EventType "swiss"]
[EventRounds "7"]
[EventCountry "DEN"]

1. Nf3 Nf6 2. g3 b6 3. b3 Bb7 4. d3 e5 5. Bg2 d6 6. Bb2 Nbd7 7. Nbd2 a5 8. a4
g6 9. O-O h5 10. h4 Bh6 11. e4 Ng4 12. Nc4 O-O 13. Bc1 Qe7 14. Bxh6 Nxh6 15.
Qd2 Kg7 16. Rfe1 Nc5 17. Ne3 Rae8 18. Rad1 Qd8 19. Qc3 f5 20. Ng5 f4 21. gxf4
Rxf4 22. Nd5 Bxd5 23. exd5 Rxh4 24. Nf3 Rf4 25. Re3 Nf5 26. Nxe5 Qf6 27. d4
Nxe3 28. fxe3 Rf5 29. e4 Rf4 30. Nd3 Nxd3 31. cxd3 Qh4 32. Qxc7+ Re7 33. Qc2
Ref7 34. e5 Qg3 35. Qe2 Rf2 36. Qe4 R7f3 0-1

[Event "Senior DM 2017 - 65+"]
[Site "Logumkloster"]
[Date "2017.02.16"]
[Round "5"]
[White "Rosenlund, Thorbjorn"]
[Black "Olesen, Poul Erik Norgaard"]
[Result "1-0"]
[WhiteElo "2264"]
[BlackElo "2030"]
[PlyCount "75"]
[EventDate "2017.02.??"]
[EventType "swiss"]
[EventRounds "7"]
[EventCountry "DEN"]
[WhiteClock "0:03:25"]
[BlackClock "0:05:39"]

1. e4 e5 2. Nf3 d6 3. d4 exd4 4. Nxd4 g6 5. Nc3 Bg7 6. Be3 Nc6 7. Qd2 Nf6 8. f3
O-O 9. O-O-O Nxd4 10. Bxd4 Be6 11. g4 c5 12. Be3 Qa5 13. Bh6 Bxh6 14. Qxh6 b5
15. Bxb5 Rab8 16. Qf4 a6 17. Qxf6 axb5 18. h4 Qd8 19. Qf4 b4 20. Nd5 f6 21. g5
fxg5 22. Qxg5 Qxg5+ 23. hxg5 Bxd5 24. Rxd5 Rb6 25. e5 dxe5 26. Rxc5 Rxf3 27.
Rxe5 Rb7 28. Rd1 Kf7 29. Rdd5 Rf5 30. Rxf5+ gxf5 31. Rxf5+ Ke6 32. Ra5 Kd6 33.
b3 Kc6 34. Kb2 Rf7 35. a3 bxa3+ 36. Kxa3 Rg7 37. c4 Kb6 38. Rf5 1-0

[Event "Senior DM 2017 - 65+"]
[Site "Logumkloster"]
[Date "2017.02.16"]
[Round "5"]
[White "Johnsen, Oystein"]
[Black "Rasmussen, Knud Aage"]
[Result "1/2-1/2"]
[WhiteElo "1983"]
[BlackElo "1795"]
[PlyCount "49"]
[EventDate "2017.02.??"]
[EventType "swiss"]
[EventRounds "7"]
[EventCountry "DEN"]
[WhiteClock "0:39:07"]
[BlackClock "0:28:04"]

1. d4 Nf6 2. Nf3 g6 3. Bf4 Bg7 4. Nc3 d5 5. Qd2 c6 6. h3 Nbd7 7. e3 b6 8. Bd3
Bb7 9. e4 dxe4 10. Nxe4 Nxe4 11. Bxe4 Nf6 12. Bd3 Rc8 13. c3 O-O 14. Qe2 c5 15.
O-O cxd4 16. cxd4 Nh5 17. Be3 Bxf3 18. Qxf3 Bxd4 19. Rad1 e5 20. g4 Ng7 21. Bd2
Ne6 22. Bh6 Ng7 23. Bd2 Ne6 24. Bh6 Ng7 25. Bd2 1/2-1/2

[Event "Senior DM 2017 - 65+"]
[Site "Logumkloster"]
[Date "2017.02.16"]
[Round "5"]
[White "Strachan, Christian C"]
[Black "Jensen, Scot Wolfgang"]
[Result "1-0"]
[WhiteElo "1948"]
[BlackElo "1691"]
[PlyCount "49"]
[EventDate "2017.02.??"]
[EventType "swiss"]
[EventRounds "7"]
[EventCountry "DEN"]
[WhiteClock "1:09:40"]
[BlackClock "0:18:57"]

1. e4 e5 2. Nf3 Nc6 3. Bc4 h6 4. O-O Nf6 5. d3 d6 6. c3 g5 7. Be3 Bd7 8. Bb3
Qe7 9. a4 Be6 10. Bc2 g4 11. Nfd2 h5 12. d4 d5 13. exd5 Nxd5 14. Ne4 Nxe3 15.
fxe3 Bc4 16. Nf6+ Kd8 17. dxe5+ Kc8 18. Bf5+ Be6 19. Nd5 Qc5 20. b4 Nxb4 21.
cxb4 Qc6 22. Na3 Bxf5 23. Rc1 Qe6 24. Nxc7 Qxe5 25. Ne6+ 1-0

[Event "Senior DM 2017 - 65+"]
[Site "Logumkloster"]
[Date "2017.02.16"]
[Round "5"]
[White "Hansen, Ib Lynaes"]
[Black "Norregaard, Claus"]
[Result "0-1"]
[WhiteElo "1787"]
[BlackElo "2003"]
[PlyCount "128"]
[EventDate "2017.02.??"]
[EventType "swiss"]
[EventRounds "7"]
[EventCountry "DEN"]
[WhiteClock "0:12:34"]
[BlackClock "0:02:27"]

1. c4 e5 2. g3 Nc6 3. Bg2 g6 4. Nc3 Bg7 5. d3 f5 6. Nf3 Nf6 7. O-O O-O 8. Bg5
h6 9. Bd2 d6 10. Rb1 Kh7 11. b4 Ne7 12. Ne1 d5 13. cxd5 Nexd5 14. b5 Be6 15. a4
Re8 16. e4 fxe4 17. Nxe4 Nxe4 18. Bxe4 Bf5 19. Bg2 Qd7 20. Rc1 Bh3 21. Qf3 Bxg2
22. Nxg2 Rad8 23. Rfd1 Re7 24. Nh4 Qe6 25. Rc5 Bf6 26. Qe4 Bxh4 27. Qxh4 Kg8
28. Rdc1 Rdd7 29. a5 Rf7 30. Be1 Qf5 31. Qc4 Qf3 32. a6 bxa6 33. bxa6 Ne3 34.
Qe4 Qxe4 35. dxe4 Ng4 36. Rb5 Rd6 37. Ra1 Rb6 38. Rxb6 cxb6 39. Kg2 Nf6 40. f3
Rc7 41. Ra2 Kf7 42. Bd2 h5 43. Be3 Nd7 44. f4 Ke6 45. Kf3 Rc4 46. h3 Nc5 47. g4
hxg4+ 48. hxg4 Rxe4 49. Rh2 Ra4 50. Rh6 e4+ 51. Ke2 Ra2+ 52. Kd1 Kd5 53. Rxg6
Rxa6 54. g5 Ra3 55. Kd2 Rd3+ 56. Ke2 Ne6 57. f5 Nd4+ 58. Kf2 Nxf5 59. Bxb6 axb6
60. Rxb6 Rf3+ 61. Ke2 Rg3 62. g6 Nh4 63. Rb5+ Ke6 64. Kf2 Rxg6 0-1

[Event "Senior DM 2017 - 65+"]
[Site "Logumkloster"]
[Date "2017.02.16"]
[Round "5"]
[White "Mortensen, Steen Juul"]
[Black "Fjordside, Arne Dan"]
[Result "1-0"]
[WhiteElo "1920"]
[BlackElo "1926"]
[PlyCount "107"]
[EventDate "2017.02.??"]
[EventType "swiss"]
[EventRounds "7"]
[EventCountry "DEN"]
[WhiteClock "0:03:35"]
[BlackClock "0:09:13"]

1. Nf3 Nf6 2. d4 d5 3. c4 c6 4. Nc3 e6 5. Qd3 Nbd7 6. g3 Be7 7. Bg2 O-O 8. O-O
b6 9. cxd5 cxd5 10. Bf4 a6 11. a4 Bb7 12. Rfc1 Rc8 13. Rc2 Ne4 14. Ne1 Nd6 15.
e4 dxe4 16. Nxe4 Bxe4 17. Bxe4 Nxe4 18. Qxe4 Nf6 19. Qd3 Rxc2 20. Nxc2 Nd5 21.
Bd2 Qc8 22. Rc1 Qb7 23. Ne3 Rd8 24. Nc4 Rc8 25. Ne3 Rxc1+ 26. Bxc1 b5 27. axb5
Qxb5 28. Qxb5 axb5 29. Nxd5 exd5 30. Kf1 h5 31. h3 Kh7 32. Ke2 Kg6 33. Kf3 Bb4
34. Bf4 Kf5 35. g4+ Kg6 36. Ke2 f5 37. f3 Be7 38. Be5 Bf6 39. gxh5+ Kxh5 40.
Bxf6 gxf6 41. Ke3 Kh4 42. Kf4 Kxh3 43. Kxf5 Kg3 44. Kxf6 Kxf3 45. Ke5 Ke3 46.
Kxd5 Kd3 47. Kc5 b4 48. d5 b3 49. d6 Kc2 50. d7 Kxb2 51. d8=Q Kc2 52. Kc4 b2
53. Qd3+ Kc1 54. Kc3 1-0

[Event "Senior DM 2017 - 65+"]
[Site "Logumkloster"]
[Date "2017.02.17"]
[Round "6"]
[White "Jensen, Ole Yde"]
[Black "Jensen, Jens Peter"]
[Result "1-0"]
[WhiteElo "1619"]
[BlackElo "1518"]
[PlyCount "89"]
[EventDate "2017.02.??"]
[EventType "swiss"]
[EventRounds "7"]
[EventCountry "DEN"]

1. f4 e6 2. Nf3 Be7 3. e4 Nf6 4. Nc3 h6 5. d4 d6 6. Bd3 c6 7. e5 Nfd7 8. Be3 d5
9. f5 exf5 10. Bxf5 Nb6 11. Bd3 Bg4 12. O-O Qd7 13. Qe1 O-O 14. Qg3 Kh8 15. h3
Bf5 16. Bxf5 Qxf5 17. Rf2 Nc4 18. Bc1 Qe6 19. b3 Nb6 20. Ne2 c5 21. Nf4 Qc6 22.
Nh5 Qg6 23. c3 Qxh5 24. Qh2 cxd4 25. cxd4 Bb4 26. g4 Qg6 27. Bf4 Nc6 28. Nh4
Qe6 29. Nf5 Bc3 30. Rd1 Nb4 31. Qg3 Nc6 32. Qxc3 Rac8 33. Qe3 Kh7 34. Rdf1 Nb4
35. Qd2 a5 36. a3 Rc2 37. Qd1 Rxf2 38. Rxf2 Nc6 39. Qd3 Kh8 40. Kh2 Ne7 41. Nd6
Ng6 42. Bg3 Qe7 43. Qb5 Nd7 44. Qxd5 Qe6 45. Nxf7+ 1-0

[Event "Senior DM 2017 - 65+"]
[Site "Logumkloster"]
[Date "2017.02.17"]
[Round "6"]
[White "Hansen, Uwe"]
[Black "Madsen, Nis H"]
[Result "1-0"]
[WhiteElo "1412"]
[BlackElo "1580"]
[PlyCount "69"]
[EventDate "2017.02.??"]
[EventType "swiss"]
[EventRounds "7"]
[EventCountry "DEN"]

1. e4 e5 2. Nf3 Nc6 3. Bc4 Bc5 4. c3 Nf6 5. b4 Be7 6. d3 d6 7. Qb3 O-O 8. a4 a6
9. Ng5 Qe8 10. O-O h6 11. Nf3 Bg4 12. Nbd2 Na7 13. Qb2 b5 14. Bb3 Qd7 15. h3
Be6 16. d4 exd4 17. cxd4 Bxb3 18. Qxb3 bxa4 19. Rxa4 Nb5 20. Bb2 c6 21. Rfa1
Qb7 22. Rc1 Rfc8 23. Raa1 Rc7 24. Rc2 Rac8 25. Rac1 Qb6 26. Nc4 Qb7 27. e5 dxe5
28. Nfxe5 Nd5 29. Na5 Qb6 30. Rxc6 Rxc6 31. Rxc6 Rxc6 32. Naxc6 Nbc7 33. Nxe7+
Kf8 34. Nxd5 Ne6 35. Nd7+ 1-0

[Event "Senior DM 2017 - 65+"]
[Site "Logumkloster"]
[Date "2017.02.17"]
[Round "6"]
[White "Bjerre, Per"]
[Black "Hansen, Ib Lynaes"]
[Result "0-1"]
[WhiteElo "1628"]
[BlackElo "1787"]
[PlyCount "70"]
[EventDate "2017.02.??"]
[EventType "swiss"]
[EventRounds "7"]
[EventCountry "DEN"]

1. e4 e5 2. Bc4 Nf6 3. Nf3 Be7 4. d4 O-O 5. dxe5 Nxe4 6. O-O c6 7. Re1 d5 8.
Bd3 Bg4 9. Nc3 Nxc3 10. bxc3 Nd7 11. h3 Bh5 12. g4 Bg6 13. e6 Nc5 14. exf7+
Bxf7 15. Be3 Ne6 16. Qd2 Qd6 17. Kg2 Rad8 18. Bxa7 Nf4+ 19. Kh1 Nxh3 20. Nh2 c5
21. Rab1 Bh4 22. Rf1 Bg6 23. f3 Ra8 24. Rxb7 Bxd3 25. cxd3 Qh6 26. Rb2 Rxa7 27.
f4 d4 28. cxd4 Qc6+ 29. Nf3 Ng5 30. Qe2 Nxf3 31. Rxf3 Bf6 32. Rb3 Bxd4 33. f5
Re8 34. Qg2 Re1+ 35. Kh2 Be5+ 0-1

[Event "Senior DM 2017 - 65+"]
[Site "Logumkloster"]
[Date "2017.02.17"]
[Round "6"]
[White "Christiansen, Niels Jorgen"]
[Black "Larsen, Alex"]
[Result "1-0"]
[WhiteElo "1645"]
[BlackElo "1459"]
[PlyCount "51"]
[EventDate "2017.02.??"]
[EventType "swiss"]
[EventRounds "7"]
[EventCountry "DEN"]

1. d4 Nf6 2. Nf3 e6 3. c4 c5 4. Nc3 cxd4 5. Nxd4 a6 6. g3 Nc6 7. Bg2 Qc7 8.
Nxc6 dxc6 9. O-O Bd6 10. Bg5 h5 11. Bxf6 gxf6 12. Ne4 Be7 13. c5 h4 14. e3 hxg3
15. fxg3 Qe5 16. Nd6+ Kf8 17. Qd4 Qh5 18. h3 e5 19. Qd1 Qg6 20. Qf3 Bxd6 21.
cxd6 Bxh3 22. Bxh3 Rxh3 23. Kg2 Ke8 24. Kxh3 Kd7 25. Qxf6 Re8 26. Qxg6 1-0

[Event "Senior DM 2017 - 65+"]
[Site "Logumkloster"]
[Date "2017.02.17"]
[Round "6"]
[White "Bucka Lassen, Edlef"]
[Black "Jensen, Hans Askov"]
[Result "1-0"]
[WhiteElo "1594"]
[BlackElo "1540"]
[PlyCount "79"]
[EventDate "2017.02.??"]
[EventType "swiss"]
[EventRounds "7"]
[EventCountry "DEN"]

1. c4 e5 2. g3 Nf6 3. Bg2 Bc5 4. Nc3 O-O 5. Nf3 c6 6. d4 exd4 7. Nxd4 d6 8. h3
Nbd7 9. O-O Bb6 10. e4 h6 11. b3 Rb8 12. Na4 Bc7 13. Bb2 Re8 14. Qd3 Ne5 15.
Qc2 a6 16. f4 Ned7 17. Nc3 Bb6 18. Kh2 Bxd4 19. Rad1 Bxc3 20. Qxc3 Qe7 21. Rfe1
Qf8 22. Qc2 d5 23. e5 Ne4 24. cxd5 cxd5 25. Rxd5 Nec5 26. b4 Ne6 27. f5 Ng5 28.
Qc7 Qxb4 29. Bc3 Qb6 30. Rxd7 Qxc7 31. Rxc7 b5 32. h4 Nh7 33. g4 b4 34. Bd4 Rd8
35. e6 fxe6 36. Rxg7+ Kf8 37. Be5 Rb5 38. Rxh7 exf5 39. Rh8+ Ke7 40. Bc7+ 1-0

[Event "Senior DM 2017 - 65+"]
[Site "Logumkloster"]
[Date "2017.02.17"]
[Round "6"]
[White "Andersson, Finn"]
[Black "Larsen, Torben"]
[Result "0-1"]
[WhiteElo "1780"]
[BlackElo "1658"]
[PlyCount "81"]
[EventDate "2017.02.??"]
[EventType "swiss"]
[EventRounds "7"]
[EventCountry "DEN"]

1. e4 c5 2. Nc3 a6 3. a4 Nc6 4. Nf3 d6 5. d4 cxd4 6. Nxd4 Nf6 7. Be2 g6 8. Be3
Bg7 9. Qd2 O-O 10. h3 Re8 11. O-O Bd7 12. Nb3 Rc8 13. f4 Na5 14. Nxa5 Qxa5 15.
Bd4 e5 16. fxe5 dxe5 17. Be3 Bc6 18. Bd3 Red8 19. Qf2 Qc7 20. Bb6 Qe7 21. Bxd8
Rxd8 22. Qb6 Rd4 23. Rae1 Rb4 24. Qa7 Rxb2 25. Rb1 Rxb1 26. Rxb1 Bh6 27. Nd5
Nxd5 28. exd5 Bxd5 29. Bxa6 Qa3 30. Qa8+ Kg7 31. Bxb7 Bxb7 32. Qxb7 Qxa4 33.
Qc8 e4 34. Qc3+ Kg8 35. Rb8+ Bf8 36. Qc5 Qa1+ 37. Kh2 Qg7 38. c4 f5 39. Rc8 Qf7
40. Rc7 Bxc5 41. Rxf7 0-1

[Event "Senior DM 2017 - 65+"]
[Site "Logumkloster"]
[Date "2017.02.17"]
[Round "6"]
[White "Moestrup, Jorn"]
[Black "Mortensen, Steen Juul"]
[Result "1/2-1/2"]
[WhiteElo "2037"]
[BlackElo "1920"]
[PlyCount "28"]
[EventDate "2017.02.??"]
[EventType "swiss"]
[EventRounds "7"]
[EventCountry "DEN"]
[WhiteClock "1:09:43"]
[BlackClock "1:03:17"]

1. Nf3 Nf6 2. c4 g6 3. Nc3 Bg7 4. e4 d6 5. d4 O-O 6. Be2 e5 7. O-O c6 8. Re1
Nbd7 9. h3 a5 10. d5 cxd5 11. cxd5 Nc5 12. Bb5 Bd7 13. Qe2 Ne8 14. Be3 b6
1/2-1/2

[Event "Senior DM 2017 - 65+"]
[Site "Logumkloster"]
[Date "2017.02.17"]
[Round "6"]
[White "Olesen, Poul Erik Norgaard"]
[Black "Rendlev, Niels Moller"]
[Result "1-0"]
[WhiteElo "2030"]
[BlackElo "1800"]
[PlyCount "33"]
[EventDate "2017.02.??"]
[EventType "swiss"]
[EventRounds "7"]
[EventCountry "DEN"]
[WhiteClock "0:43:51"]
[BlackClock "0:54:15"]

1. e4 e6 2. d4 d5 3. Nc3 Nf6 4. Bg5 Be7 5. Bxf6 Bxf6 6. Nf3 O-O 7. e5 Be7 8.
Bd3 c5 9. h4 cxd4 10. Bxh7+ Kh8 11. Ng5 g6 12. Nxf7+ Rxf7 13. Bxg6 Rh7 14. Bxh7
Kxh7 15. Qh5+ Kg7 16. Rh3 dxc3 17. Rg3+ 1-0

[Event "Senior DM 2017 - 65+"]
[Site "Logumkloster"]
[Date "2017.02.17"]
[Round "6"]
[White "Norregaard, Claus"]
[Black "Hartung Nielsen, Jens"]
[Result "0-1"]
[WhiteElo "2003"]
[BlackElo "2174"]
[PlyCount "96"]
[EventDate "2017.02.??"]
[EventType "swiss"]
[EventRounds "7"]
[EventCountry "DEN"]
[WhiteClock "0:41:15"]
[BlackClock "0:24:00"]

1. d4 d5 2. c4 e6 3. Nc3 Bb4 4. Qa4+ Nc6 5. e3 Nf6 6. Bd2 a6 7. Nf3 O-O 8. Qc2
dxc4 9. Bxc4 Bd6 10. e4 e5 11. d5 Ne7 12. Bg5 Ng6 13. Nh4 h6 14. Nxg6 fxg6 15.
Bh4 g5 16. Bg3 Nh5 17. O-O-O Qf6 18. Kb1 Nxg3 19. fxg3 Bd7 20. Rdf1 Qe7 21. Qe2
b5 22. Rxf8+ Rxf8 23. Bd3 Bc5 24. Rf1 Bd4 25. Rxf8+ Qxf8 26. Qf3 Qb4 27. Nd1
Qc5 28. Qe2 a5 29. Qc2 Qb6 30. Nc3 Bg1 31. h3 b4 32. Ne2 Be3 33. Bc4 Kh7 34.
Nc1 a4 35. Qe2 Bd4 36. Qf3 Qf6 37. Nd3 Qxf3 38. gxf3 Bxh3 39. f4 exf4 40. gxf4
g4 41. f5 Be3 42. Ne1 g3 43. Bd3 g2 44. Nf3 g1=Q+ 45. Nxg1 Bxg1 46. e5 Kg8 47.
Bc4 Bxf5+ 48. Kc1 Kf8 0-1